[Event "Monza e Brianza Province-ch"]
[Site "Ceriano Laghetto"]
[Date "2015.02.03"]
[Round "3"]
[White "Ronconi, Fausto"]
[Black "Regorda, Vittorio"]
[Result "1-0"]
[WhiteElo "1679"]
[BlackElo "1791"]
[PlyCount "71"]
[EventDate "2015.01.20"]
[EventType "swiss"]
[EventRounds "6"]
[EventCountry "ITA"]
[SourceTitle "EXT 2017"]
[Source "ChessBase"]
[SourceDate "2016.10.25"]
[SourceVersion "1"]
[SourceVersionDate "2016.10.25"]
[SourceQuality "1"]

1. d4 Nf6 2. c4 g6 3. Nc3 d5 4. Bg5 dxc4 5. e3 Bg7 6. Bxc4 0-0 7. Nf3 c6 8. 0-0 b5 9. Be2 Bb7 10. Rc1 Nbd7 11. a3 a6 12. Nd2 h6 13. Bxf6 Nxf6 14. Nce4 Qb6 15. Nxf6+ Bxf6 16. Ne4 Bg7 17. Nc5 Rfd8 18. Bf3 Rac8 19. Nxb7 Qxb7 20. Qc2 Rc7 21. d5 Qb6 22. dxc6 Rdc8 23. Rfd1 Kh7 24. b4 Bf6 25. Qc5 Qxc5 26. Rxc5 e6 27. Rd7 Kg7 28. Rxc7 Rxc7 29. Rc2 Kf8 30. a4 bxa4 31. Ra2 Be7 32. Rxa4 Ra7 33. b5 Bd8 34. Rxa6 Re7 35. b6 Kg7 36. Ra7 1-0

[Event "Ceriano Laghetto op-B 23rd"]
[Site "Ceriano Laghetto"]
[Date "2014.03.16"]
[Round "4"]
[White "Regorda, Vittorio"]
[Black "Confalonieri, Luca"]
[Result "1-0"]
[WhiteElo "1778"]
[BlackElo "1640"]
[PlyCount "87"]
[EventDate "2014.03.14"]
[EventType "swiss"]
[EventRounds "5"]
[EventCountry "ITA"]
[SourceTitle "EXT 2015"]
[Source "ChessBase"]
[SourceDate "2014.11.20"]
[SourceVersion "1"]
[SourceVersionDate "2014.11.20"]
[SourceQuality "1"]

1. d4 Nf6 2. c4 g6 3. Nc3 Bg7 4. Nf3 0-0 5. g3 d6 6. Bg2 Nbd7 7. 0-0 c5 8. d5 Ng4 9. e4 Nge5 10. Nd2 Nb6 11. Qe2 f5 12. f4 Ng4 13. Nf3 fxe4 14. Nxe4 e5 15. h3 Nh6 16. fxe5 dxe5 17. g4 Nf7 18. Be3 Nd7 19. Nfg5 Bh6 20. Ne6 Bxe3+ 21. Qxe3 Qe7 22. Nxf8 Nxf8 23. Qxc5 Qxc5+ 24. Nxc5 Bd7 25. Ne4 Rc8 26. Rxf7 Kxf7 27. Nd6+ Ke7 28. Nxc8+ Bxc8 29. c5 Nd7 30. b4 h6 31. Rc1 a6 32. Be4 g5 33. Bf5 Kf6 34. c6 bxc6 35. Rxc6+ Ke7 36. Rxc8 Nb6 37. Rc5 Na4 38. Be4 Kd6 39. Rc6+ Kd7 40. Rxa6 Nc3 41. Bf5+ Kd8 42. Rxh6 Nxd5 43. Rd6+ Ke7 44. Rxd5 1-0

[Event "Monza e Brianza Province-ch"]
[Site "Ceriano Laghetto"]
[Date "2014.02.18"]
[Round "5"]
[White "Regorda, Vittorio"]
[Black "Veronelli, Franco"]
[Result "1-0"]
[WhiteElo "1778"]
[BlackElo "1728"]
[PlyCount "131"]
[EventDate "2014.01.21"]
[EventType "swiss"]
[EventRounds "6"]
[EventCountry "ITA"]
[SourceTitle "EXT 2015"]
[Source "ChessBase"]
[SourceDate "2014.11.20"]
[SourceVersion "1"]
[SourceVersionDate "2014.11.20"]
[SourceQuality "1"]

1. d4 d5 2. c4 e6 3. Nf3 c5 4. cxd5 exd5 5. g3 Nc6 6. Bg2 Nf6 7. 0-0 Be7 8. Nc3 0-0 9. Ne5 Nxd4 10. e3 Nc6 11. Nxc6 bxc6 12. Qa4 Bd7 13. Rd1 Qb6 14. Qf4 Qb8 15. Qa4 Qb4 16. Qc2 Rad8 17. a3 Qb8 18. Na4 c4 19. Nc3 Be6 20. Ne2 Nd7 21. Nd4 Qc8 22. Qa4 Nc5 23. Qxc6 Bf6 24. Qxc8 Rxc8 25. Bd2 Nd3 26. Bc3 Rfd8 27. Bf1 Nc5 28. Nxe6 fxe6 29. Bh3 Kf7 30. Bxf6 gxf6 31. Rac1 a5 32. Rc2 Rb8 33. Bf1 Rb3 34. Bxc4 Rbb8 35. Ba2 Ne4 36. f3 Nd6 37. b3 Rd7 38. a4 Nf5 39. Rd3 Ke7 40. Rc5 Ra8 41. Kf2 Nd6 42. Bb1 h6 43. Rdc3 Raa7 44. Bd3 Rdb7 45. g4 Nf7 46. f4 Nd6 47. Kf3 Nf7 48. Bb5 Nd6 49. Bd3 Nf7 50. Rc8 Nd6 51. Rh8 Nf7 52. Rh7 Kd6 53. Bg6 Ng5+ 54. fxg5 Rxh7 55. Bxh7 Rxh7 56. gxf6 Rf7 57. Rc8 Rxf6+ 58. Ke2 Rg6 59. h3 h5 60. Kf3 hxg4+ 61. hxg4 e5 62. Ra8 e4+ 63. Kg3 Rf6 64. Ra6+ Ke5 65. Rxf6 Kxf6 66. Kf4 1-0

[Event "Ceriano Laghetto op-B 22nd"]
[Site "Ceriano Laghetto"]
[Date "2013.03.03"]
[Round "5"]
[White "Regorda, Vittorio"]
[Black "Carito, Riccardo"]
[Result "1/2-1/2"]
[WhiteElo "1786"]
[BlackElo "1729"]
[PlyCount "50"]
[EventDate "2013.03.01"]
[EventType "swiss"]
[EventRounds "5"]
[EventCountry "ITA"]
[SourceTitle "EXT 2024"]
[Source "ChessBase"]
[SourceDate "2023.10.10"]
[SourceVersion "1"]
[SourceVersionDate "2023.10.10"]
[SourceQuality "1"]

1. d4 Nf6 2. c4 g6 3. g3 c6 4. Bg2 d5 5. cxd5 cxd5 6. Nc3 e6 7. Nf3 Bg7 8. 0-0 0-0 9. e3 b6 10. Ne5 Nfd7 11. f4 Ba6 12. Rf2 Nxe5 13. dxe5 Bb7 14. Rd2 Qe7 15. Ne2 Qc5 16. Rc2 Qe7 17. Bd2 Na6 18. Bc3 Rac8 19. a3 Rc7 20. b4 Qd7 21. Rac1 Rfc8 22. Bb2 Bf8 23. Rxc7 Rxc7 24. Rxc7 Qxc7 25. Qc1 Qxc1+ 1/2-1/2

[Event "Milan Crespi op-B 33rd"]
[Site "Milan"]
[Date "2012.12.08"]
[Round "5"]
[White "Regorda, Vittorio"]
[Black "Bonassi, Tommaso"]
[Result "0-1"]
[WhiteElo "1801"]
[BlackElo "1944"]
[PlyCount "82"]
[EventDate "2012.12.05"]
[EventType "swiss"]
[EventRounds "7"]
[EventCountry "ITA"]
[SourceTitle "EXT 2015"]
[Source "ChessBase"]
[SourceDate "2014.11.20"]
[SourceVersion "1"]
[SourceVersionDate "2014.11.20"]
[SourceQuality "1"]

1. d4 Nf6 2. c4 e6 3. Nf3 b6 4. g3 Bb4+ 5. Bd2 Be7 6. Bg2 d5 7. b3 0-0 8. 0-0 c6 9. Bc3 Ne4 10. Bb2 Nd7 11. Ne1 Ba6 12. f3 Nd6 13. cxd5 exd5 14. Nc2 f5 15. Re1 Nf6 16. Nb4 Bb7 17. Nd3 Nf7 18. Nd2 Bd6 19. e3 Re8 20. Nf1 Rc8 21. Rc1 Ba6 22. Re2 c5 23. Rec2 c4 24. Ne5 Nxe5 25. dxe5 Bxe5 26. Bxe5 Rxe5 27. Qd4 Re7 28. b4 Bb7 29. Rc3 Qd6 30. a3 Qd7 31. Bh3 Qe6 32. Nd2 Ne8 33. g4 Qh6 34. Kg2 Nd6 35. a4 Rce8 36. Nf1 Qg5 37. Re1 Ne4 38. fxe4 Rxe4 39. Qd1 fxg4 40. Bxg4 Rxg4+ 41. Kf2 Rg2+ 0-1

[Event "Codogno op-A 4th"]
[Site "Codogno"]
[Date "2012.09.23"]
[Round "4"]
[White "Tagliaferri, Valerio"]
[Black "Regorda, Vittorio"]
[Result "1-0"]
[WhiteElo "1807"]
[BlackElo "1828"]
[PlyCount "45"]
[EventDate "2012.09.21"]
[EventType "swiss"]
[EventRounds "5"]
[EventCountry "ITA"]
[SourceTitle "EXT 2016"]
[Source "ChessBase"]
[SourceDate "2015.10.08"]
[SourceVersion "1"]
[SourceVersionDate "2015.10.08"]
[SourceQuality "1"]

1. e4 e6 2. d4 d5 3. Nd2 a6 4. Bd3 c5 5. exd5 exd5 6. dxc5 Bxc5 7. Nb3 Ba7 8. Nf3 Nf6 9. Qe2+ Be6 10. Nbd4 Bxd4 11. Nxd4 Qd6 12. Bg5 Nbd7 13. Nf5 Qf8 14. 0-0 0-0-0 15. Nd4 Bg4 16. f3 Re8 17. Qf2 Be6 18. c3 h6 19. Be3 Qd6 20. Nf5 Bxf5 21. Bxf5 g6 22. Bc5 Qxc5 23. Qxc5+ 1-0

[Event "Codogno op-A 4th"]
[Site "Codogno"]
[Date "2012.09.21"]
[Round "1"]
[White "Faraoni, Enrico"]
[Black "Regorda, Vittorio"]
[Result "1-0"]
[WhiteElo "2075"]
[BlackElo "1828"]
[PlyCount "25"]
[EventDate "2012.09.21"]
[EventType "swiss"]
[EventRounds "5"]
[EventCountry "ITA"]
[SourceTitle "EXT 2016"]
[Source "ChessBase"]
[SourceDate "2015.10.08"]
[SourceVersion "1"]
[SourceVersionDate "2015.10.08"]
[SourceQuality "1"]

1. e4 e6 2. d4 d5 3. e5 c5 4. c3 Nc6 5. Nf3 Qb6 6. Bd3 Bd7 7. dxc5 Bxc5 8. 0-0 Nh6 9. b4 Be7 10. Qe2 a6 11. Nbd2 Rc8 12. Nb3 Na7 13. Be3 1-0

[Event "Crema op 14th"]
[Site "Crema"]
[Date "2012.09.02"]
[Round "6"]
[White "Regorda, Vittorio"]
[Black "Pisani, Valerio"]
[Result "0-1"]
[WhiteElo "1828"]
[BlackElo "1698"]
[PlyCount "66"]
[EventDate "2012.08.31"]
[EventType "swiss"]
[EventRounds "6"]
[EventCountry "ITA"]
[SourceTitle "EXT 2014"]
[Source "ChessBase"]
[SourceDate "2013.11.20"]
[SourceVersion "1"]
[SourceVersionDate "2013.11.20"]
[SourceQuality "1"]

1. d4 Nf6 2. c4 g6 3. g3 Bg7 4. Bg2 0-0 5. Nf3 d6 6. 0-0 Nbd7 7. Nc3 e5 8. d5 Re8 9. e4 h6 10. Re1 g5 11. h4 g4 12. Nh2 Nf8 13. Nf1 N8h7 14. Ne3 h5 15. Qc2 Bh6 16. Nf5 Bxc1 17. Raxc1 Bxf5 18. exf5 Qd7 19. Re2 Re7 20. Rce1 Rae8 21. f3 b6 22. fxg4 hxg4 23. Nd1 Nh5 24. Re3 N7f6 25. Kh2 Ng7 26. Rf1 e4 27. Qf2 Re5 28. Qc2 Nxf5 29. Re2 Nd4 30. Qd2 Nf3+ 31. Bxf3 gxf3 32. Rxf3 exf3 33. Re4 Nxe4 0-1

[Event "Crema op 14th"]
[Site "Crema"]
[Date "2012.08.31"]
[Round "2"]
[White "Biava, Pierluigi"]
[Black "Regorda, Vittorio"]
[Result "1/2-1/2"]
[WhiteElo "1655"]
[BlackElo "1828"]
[PlyCount "120"]
[EventDate "2012.08.31"]
[EventType "swiss"]
[EventRounds "6"]
[EventCountry "ITA"]
[SourceTitle "EXT 2014"]
[Source "ChessBase"]
[SourceDate "2013.11.20"]
[SourceVersion "1"]
[SourceVersionDate "2013.11.20"]
[SourceQuality "1"]

1. Nf3 d5 2. d4 Nf6 3. Bg5 Nbd7 4. e3 c5 5. c3 Qc7 6. Nbd2 g6 7. Be2 Bg7 8. Qc2 0-0 9. Bf4 Qb6 10. h3 Re8 11. 0-0 Nf8 12. dxc5 Qxc5 13. Nb3 Qb6 14. Nbd4 a6 15. a4 N6d7 16. a5 Qd8 17. Nb3 e5 18. Bg5 Nf6 19. Rfd1 Bf5 20. Qd2 N8d7 21. g4 Be4 22. Ne1 d4 23. exd4 h6 24. Be3 g5 25. dxe5 Rxe5 26. Nd3 Rd5 27. f3 Bg6 28. Ra4 Ne8 29. c4 Rd6 30. c5 Rd5 31. Bd4 Qc7 32. Qc3 Qg3+ 33. Kf1 Qxh3+ 34. Ke1 Bxd3 35. Rxd3 Qg3+ 36. Kd2 Ne5 37. Re3 Nc6 38. Kc2 Nxd4+ 39. Nxd4 Qf2 40. Kb3 Rad8 41. c6 Bxd4 42. Rxd4 bxc6 43. Rde4 Ng7 44. Qxc6 Qe1 45. Bc4 Qd1+ 46. Ka2 Rxa5+ 47. Ra3 Rxa3+ 48. Kxa3 Qxf3+ 49. b3 Qf2 50. Qxh6 Qc5+ 51. Ka4 Rd6 52. Qh1 a5 53. Qe1 Kf8 54. Re5 Qc6+ 55. Rb5 Ne6 56. Kxa5 Qa6+ 57. Kb4 Rb6 58. Qe5 Rxb5+ 59. Qxb5 Qd6+ 60. Ka5 Qa3+ 1/2-1/2

[Event "Ceriano Laghetto op-B 21st"]
[Site "Ceriano Laghetto"]
[Date "2012.03.??"]
[Round "5"]
[White "Regorda, Vittorio"]
[Black "Mason, Giovanni"]
[Result "1-0"]
[WhiteElo "1843"]
[BlackElo "1673"]
[PlyCount "21"]
[EventDate "2012.03.24"]
[EventType "swiss"]
[EventRounds "5"]
[EventCountry "ITA"]
[SourceTitle "EXT 2024"]
[Source "ChessBase"]
[SourceDate "2023.10.10"]
[SourceVersion "1"]
[SourceVersionDate "2023.10.10"]
[SourceQuality "1"]

1. d4 d5 2. c4 e6 3. Nf3 c6 4. g3 Nf6 5. Bg2 dxc4 6. 0-0 Be7 7. Ne5 0-0 8. Nxc4 c5 9. dxc5 Qxd1 10. Rxd1 Bxc5 11. Ne5 1-0

[Event "Ceriano Laghetto Winter op 4th"]
[Site "Ceriano Laghetto"]
[Date "2012.02.??"]
[Round "1"]
[White "Mingolla, Patrizio"]
[Black "Regorda, Vittorio"]
[Result "1-0"]
[WhiteElo "1664"]
[BlackElo "1832"]
[PlyCount "123"]
[EventDate "2012.02.??"]
[EventType "swiss"]
[EventRounds "6"]
[EventCountry "ITA"]
[SourceTitle "EXT 2024"]
[Source "ChessBase"]
[SourceDate "2023.10.10"]
[SourceVersion "1"]
[SourceVersionDate "2023.10.10"]
[SourceQuality "1"]

1. Nf3 d5 2. d4 Nf6 3. Bf4 e6 4. e3 Bd6 5. Ne5 0-0 6. Bd3 c5 7. c3 c4 8. Be2 Qc7 9. Nd2 Nc6 10. Ndf3 b5 11. 0-0 Ne7 12. Nd2 Ne8 13. g3 f6 14. Nef3 e5 15. dxe5 fxe5 16. Bg5 Ng6 17. e4 Bb7 18. exd5 Bxd5 19. Qc2 Qc6 20. a4 a6 21. axb5 axb5 22. h4 Nc7 23. h5 Nh8 24. Nh4 Bc5 25. Nf5 Rxa1 26. Rxa1 g6 27. Nh6+ Kg7 28. Ng4 gxh5 29. Bh6+ Kg8 30. Bxf8 hxg4 31. Bxc5 Qxc5 32. Qf5 Ng6 33. Qxg4 Ne6 34. Bf3 Nef8 35. Ra6 Bf7 36. Ne4 Qe7 37. Nf6+ Kh8 38. Nd5 Qb7 39. Nb4 Qe7 40. Bd5 Be8 41. Qc8 Bd7 42. Qc7 Qg5 43. Qd6 Kg7 44. Ra7 Qc1+ 45. Kg2 Qd2 46. Rxd7+ Nxd7 47. Qxd7+ Kh6 48. Qxb5 Qg5 49. Qxc4 Nf4+ 50. Kf1 Qg4 51. Qc6+ Kg5 52. gxf4+ exf4 53. Bf3 Qh3+ 54. Bg2 Qg4 55. Qd5+ Kh6 56. c4 f3 57. Bxf3 Qh3+ 58. Bg2 Qb3 59. Qd2+ Kh5 60. Qe2+ Kh4 61. Qe4+ Kh5 62. Qf3+ 1-0

[Event "Ceriano Laghetto Winter op 4th"]
[Site "Ceriano Laghetto"]
[Date "2012.02.??"]
[Round "3"]
[White "Regorda, Vittorio"]
[Black "Rigo, Luigi"]
[Result "1-0"]
[WhiteElo "1832"]
[BlackElo "1353"]
[PlyCount "63"]
[EventDate "2012.02.??"]
[EventType "swiss"]
[EventRounds "6"]
[EventCountry "ITA"]
[SourceTitle "EXT 2024"]
[Source "ChessBase"]
[SourceDate "2023.10.10"]
[SourceVersion "1"]
[SourceVersionDate "2023.10.10"]
[SourceQuality "1"]

1. d4 Nf6 2. c4 g6 3. Nc3 Bg7 4. e4 0-0 5. f3 d6 6. Be3 e5 7. d5 Nbd7 8. Bd3 c6 9. Nge2 Ne8 10. g4 Qh4+ 11. Ng3 Bh6 12. Bf2 Qg5 13. h4 Qf4 14. g5 Bxg5 15. hxg5 Qxg5 16. Qd2 Qxd2+ 17. Kxd2 Nc5 18. Bc2 Ng7 19. b4 Nd7 20. Be3 f6 21. c5 dxc5 22. bxc5 Rd8 23. Bb3 Kh8 24. Rh6 Nf8 25. Rah1 Be6 26. Ke2 Bg8 27. d6 Nfe6 28. Rxg6 Rf8 29. Nf5 Bf7 30. Rxf6 Nh5 31. Rh6 Rg8 32. Bxe6 1-0

[Event "Milan Crespi op-B 32nd"]
[Site "Milan"]
[Date "2011.12.10"]
[Round "5"]
[White "Bernago, Federico"]
[Black "Regorda, Vittorio"]
[Result "0-1"]
[WhiteElo "1946"]
[BlackElo "1844"]
[PlyCount "132"]
[EventDate "2011.12.07"]
[EventType "swiss"]
[EventRounds "7"]
[EventCountry "ITA"]
[SourceTitle "EXT 2022"]
[Source "ChessBase"]
[SourceDate "2021.10.06"]
[SourceVersion "1"]
[SourceVersionDate "2021.10.06"]
[SourceQuality "1"]

1. e4 e6 2. d3 d5 3. Nd2 Nf6 4. Ngf3 dxe4 5. dxe4 Be7 6. g3 0-0 7. Bg2 Nc6 8. 0-0 e5 9. h3 Be6 10. c3 Qc8 11. Kh2 h6 12. Qc2 a5 13. a4 Nh7 14. Ng1 Ra6 15. f4 f5 16. exf5 Bxf5 17. Be4 Bxe4 18. Nxe4 exf4 19. Bxf4 Nd8 20. Nf3 Nf7 21. Rf2 Nfg5 22. Nfxg5 hxg5 23. Be3 Rh6 24. Rxf8+ Nxf8 25. Qg2 Nh7 26. Rf1 Re6 27. Bc5 Kh8 28. Bxe7 Rxe7 29. Nc5 b6 30. Nb3 Qe8 31. Rf2 c5 32. Nc1 Nf6 33. Re2 Rxe2 34. Qxe2 Qxa4 35. Qg2 Qe4 36. Qd2 Qb1 37. Nd3 Qf1 38. Ne5 Ne4 39. Qc2 Qf2+ 40. Qxf2 Nxf2 41. Nd7 Nd1 42. Nxb6 Nxb2 43. Nd7 c4 44. Nb6 a4 45. Nd5 a3 46. Nb4 Kg8 47. Kg2 Kf7 48. Kf3 Kf6 49. Ke4 Nd3 50. Na2 Nf2+ 51. Kd4 Nxh3 52. Kxc4 Nf2 53. Kd5 Ke7 54. Ke5 g6 55. c4 Nd3+ 56. Kd4 Nb2 57. c5 Na4 58. c6 Kd6 59. c7 Nb6 60. Nc3 Kxc7 61. Ke5 Nd7+ 62. Ke6 Nc5+ 63. Kf7 Kd6 64. g4 Ne4 65. Na2 Nf2 66. Kxg6 Nxg4 0-1

[Event "Crema op 13th"]
[Site "Crema"]
[Date "2011.09.04"]
[Round "6"]
[White "Regorda, Vittorio"]
[Black "Baroni, Alessandro"]
[Result "0-1"]
[WhiteElo "1838"]
[BlackElo "1918"]
[PlyCount "26"]
[EventDate "2011.09.02"]
[EventType "swiss"]
[EventRounds "6"]
[EventCountry "ITA"]
[SourceTitle "EXT 2022"]
[Source "ChessBase"]
[SourceDate "2021.10.06"]
[SourceVersion "1"]
[SourceVersionDate "2021.10.06"]
[SourceQuality "1"]

1. d4 d5 2. c4 Bf5 3. Qa4+ Nc6 4. cxd5 Qxd5 5. Nf3 Bxb1 6. Rxb1 0-0-0 7. Be3 e5 8. a3 Qa2 9. Rc1 exd4 10. Nxd4 Bb4+ 11. Kd1 Nxd4 12. Bxd4 Rxd4+ 13. Kc2 Rd2# 0-1

[Event "Crema op 13th"]
[Site "Crema"]
[Date "2011.09.03"]
[Round "3"]
[White "Miracola, Massimiliano"]
[Black "Regorda, Vittorio"]
[Result "1/2-1/2"]
[WhiteElo "1993"]
[BlackElo "1838"]
[PlyCount "116"]
[EventDate "2011.09.02"]
[EventType "swiss"]
[EventRounds "6"]
[EventCountry "ITA"]
[SourceTitle "EXT 2022"]
[Source "ChessBase"]
[SourceDate "2021.10.06"]
[SourceVersion "1"]
[SourceVersionDate "2021.10.06"]
[SourceQuality "1"]

1. e4 e6 2. d4 d5 3. Nc3 Nf6 4. e5 Nfd7 5. f4 c5 6. Nf3 Nc6 7. Ne2 Qb6 8. c3 Be7 9. a3 c4 10. f5 Na5 11. fxe6 fxe6 12. g3 0-0 13. Bg2 Nb3 14. Rb1 Qd8 15. Nf4 Nb6 16. Bh3 Nxc1 17. Rxc1 Rxf4 18. gxf4 Bh4+ 19. Kf1 Bd7 20. Rg1 Kh8 21. Ng5 Bxg5 22. Rxg5 Qg8 23. Qh5 Rf8 24. Rg4 Na4 25. Rc2 Qf7 26. Qxf7 Rxf7 27. Ke2 b5 28. Ke3 Nb6 29. Rf2 g6 30. Rg3 Nc8 31. Bg4 Ne7 32. h4 Nf5+ 33. Bxf5 exf5 34. Rfg2 Be8 35. h5 Re7 36. h6 a5 37. b3 cxb3 38. Rb2 a4 39. Kd2 Kg8 40. Re3 Re6 41. Kc1 Kf8 42. Rbe2 Ke7 43. Kb2 Bd7 44. Rg3 Kf7 45. Reg2 Rc6 46. Rg5 Rb6 47. Kc1 Rc6 48. Kb2 Bc8 49. Re2 Be6 50. Rg3 Bd7 51. Kc1 Be6 52. Kd1 Bd7 53. Kc1 Be6 54. Kb2 Bd7 55. Rh3 Bc8 56. Rhe3 Be6 57. Re1 Rb6 58. R3e2 Rc6 1/2-1/2